000 00323 a2200109 4500
001 ART_9866
005 20260410161847.0
008 260409a
245 1 0 _aDificultades financieras y evolución económica
100 1 _aGini, Corrado
773 0 _tEconómica
_g- Año I, Nº 1 (jul./sep. 1954)
_wREV7541
999 _c24611
_d24611